[Event "4NCL Division 2a"]
[Site "Birmingham, ENG ENG"]
[Date "2016.01.23"]
[Round "3.238"]
[White "Summerscale, Claire E"]
[Black "Freeman, Richard C P"]
[Result "0-1"]
[WhiteElo "1894"]
[BlackElo "2009"]
[PlyCount "70"]
[EventDate "2016.01.23"]
[WhiteTeam "Grantham Sharks 2"]
[BlackTeam "MK Phoenix 1"]

1. d4 g6 2. Nf3 Bg7 3. e4 d6 4. c3 Nf6 5. Bd3 O-O 6. O-O Nc6 7. Bg5 e5 8. d5
Ne7 9. c4 Nh5 10. Qd2 f5 11. Nc3 f4 12. b4 h6 13. Bxe7 Qxe7 14. h3 g5 15. Be2
Nf6 16. Nh2 h5 17. Qd1 Qf7 18. c5 Qg6 19. cxd6 cxd6 20. f3 Rf7 21. Nb5 Bf8 22.
Rc1 g4 23. hxg4 hxg4 24. Nxg4 Bxg4 25. fxg4 Qxe4 26. Qb3 a6 27. Bf3 Qh7 28. Nc3
e4 29. Be2 Bh6 30. Qc4 f3 31. gxf3 Bxc1 32. Rxc1 exf3 33. Bxf3 Qh6 34. Re1 Qh4
35. Kg2 Qxe1 0-1

[Event "4NCL Division 2a"]
[Site "Birmingham, ENG ENG"]
[Date "2016.01.23"]
[Round "3.241"]
[White "Povah, Nigel E"]
[Black "Asenov, Pavel"]
[Result "1-0"]
[WhiteElo "2304"]
[BlackElo "2237"]
[PlyCount "53"]
[EventDate "2016.01.23"]
[WhiteTeam "Guildford 3"]
[BlackTeam "Brown Jack Witney"]

1. d4 Nf6 2. Bg5 c5 3. d5 Qb6 4. Nc3 Qxb2 5. Bd2 Qb6 6. e4 e5 7. f4 d6 8. Rb1
Qc7 9. fxe5 dxe5 10. Nf3 Nbd7 11. Nb5 Qb8 12. d6 Bxd6 13. Ba5 Nxe4 14. Ng5 Ndf6
15. Nxe4 Nxe4 16. Qd5 a6 17. Nxd6+ Nxd6 18. Rd1 Ke7 19. Qxc5 b6 20. Bxb6 Kd7
21. Bd3 e4 22. Bxe4 Re8 23. Qc6+ Ke7 24. Rxd6 Bb7 25. Rd7+ Kf8 26. O-O Bxc6 27.
Rfxf7+ 1-0

[Event "4NCL Division 2a"]
[Site "Birmingham, ENG ENG"]
[Date "2016.01.23"]
[Round "3.243"]
[White "Granat, Russell G"]
[Black "Girdlestone, Paul C"]
[Result "1/2-1/2"]
[WhiteElo "2203"]
[BlackElo "2123"]
[PlyCount "102"]
[EventDate "2016.01.23"]
[WhiteTeam "Guildford 3"]
[BlackTeam "Brown Jack Witney"]

1. e4 e5 2. Nf3 Nc6 3. Bb5 g6 4. c3 a6 5. Ba4 Bg7 6. O-O Nge7 7. d4 O-O 8. Nxe5
Nxe5 9. dxe5 b5 10. Bc2 Bxe5 11. f4 Bg7 12. Nd2 d5 13. f5 Qd6 14. fxg6 hxg6 15.
exd5 Nxd5 16. Ne4 Qb6+ 17. Kh1 Ne3 18. Bxe3 Qxe3 19. Qe1 Qxe1 20. Raxe1 Be6 21.
a3 Bc4 22. Rf2 f5 23. Nd2 Rfe8 24. Rb1 Ba2 25. Bb3+ Bxb3 26. Nxb3 Rad8 27. g3
Rd5 28. Kg2 c5 29. Kf1 Kf7 30. Nd2 Bh6 31. Nf3 Re4 32. Re1 Ke6 33. h3 Rd3 34.
g4 Rxe1+ 35. Kxe1 fxg4 36. hxg4 Re3+ 37. Kd1 Bg7 38. Nh4 Rg3 39. Nxg6 Rxg4 40.
Nf4+ Kd6 41. Rd2+ Kc6 42. Rg2 Rxg2 43. Nxg2 Bh6 44. Ne1 Kd5 45. Kc2 c4 46. Kd1
Ke4 47. Nc2 a5 48. Nd4 b4 49. Nc6 bxa3 50. bxa3 a4 51. Kc2 Bf8 1/2-1/2

[Event "4NCL Division 2a"]
[Site "Birmingham, ENG ENG"]
[Date "2016.01.23"]
[Round "3.244"]
[White "Martin, Lewis"]
[Black "Golding, Alex"]
[Result "0-1"]
[WhiteElo "2117"]
[BlackElo "2057"]
[PlyCount "54"]
[EventDate "2016.01.23"]
[WhiteTeam "Brown Jack Witney"]
[BlackTeam "Guildford 3"]

1. e4 e5 2. Nf3 Nc6 3. Bb5 a6 4. Ba4 Nf6 5. O-O b5 6. Bb3 Be7 7. a4 Rb8 8. axb5
axb5 9. d4 exd4 10. Re1 O-O 11. Nxd4 Nxd4 12. Qxd4 c5 13. Qd1 c4 14. Ba2 d5 15.
exd5 Nxd5 16. Bd2 Bf6 17. c3 Be7 18. Na3 Bc5 19. Bb1 Qh4 20. Rf1 Bg4 21. Qc2 g6
22. Qe4 Qh5 23. Re1 Rfd8 24. Nc2 Nf6 25. Qf4 Bd6 26. Qh6 Bxh2+ 27. Kf1 Rxd2 0-1

[Event "4NCL Division 2a"]
[Site "Birmingham, ENG ENG"]
[Date "2016.01.23"]
[Round "3.245"]
[White "Punnett, Alan K"]
[Black "Richmond, Peter"]
[Result "1-0"]
[WhiteElo "2117"]
[BlackElo "2120"]
[PlyCount "55"]
[EventDate "2016.01.23"]
[WhiteTeam "Guildford 3"]
[BlackTeam "Brown Jack Witney"]

1. e4 c5 2. Nc3 e6 3. Nf3 Nc6 4. d4 cxd4 5. Nxd4 Nf6 6. Be2 a6 7. O-O Qc7 8.
Be3 d6 9. f4 Be7 10. Qe1 Bd7 11. Rd1 b5 12. a3 O-O 13. Qg3 Rac8 14. h4 Rfd8 15.
h5 e5 16. Nf5 Bxf5 17. exf5 Nd4 18. Bd3 Nxh5 19. Qh3 Nf6 20. g4 d5 21. fxe5 Ne4
22. Bxd4 Bc5 23. Qe3 Nxc3 24. bxc3 Bxa3 25. f6 g6 26. e6 Re8 27. e7 Qd6 28. Rf3
1-0

[Event "4NCL Division 2a"]
[Site "Birmingham, ENG ENG"]
[Date "2016.01.23"]
[Round "3.246"]
[White "Shaw, Meyrick"]
[Black "Shepley, Julien M"]
[Result "0-1"]
[WhiteElo "2027"]
[BlackElo "2042"]
[PlyCount "76"]
[EventDate "2016.01.23"]
[WhiteTeam "Brown Jack Witney"]
[BlackTeam "Guildford 3"]

1. d4 d5 2. Bf4 c5 3. c3 e6 4. e3 Nc6 5. Nf3 Qb6 6. Qc2 f5 7. Nbd2 Nf6 8. Ne5
Nh5 9. Bg5 Nxe5 10. dxe5 h6 11. Bh4 g5 12. g4 Ng7 13. Bg3 h5 14. gxh5 Nxh5 15.
Rg1 Bg7 16. f4 Nxg3 17. Rxg3 Rxh2 18. Rxg5 Kf7 19. Bg2 c4 20. Nf1 Rh7 21. O-O-O
Qa5 22. Bf3 Bd7 23. e4 Qxa2 24. exf5 Ba4 25. fxe6+ Kg8 26. Qg6 Qa1+ 27. Kd2
Qxb2+ 28. Ke1 Qxc3+ 29. Rd2 Qxf3 30. Qf7+ Kh8 31. Rxg7 Qe4+ 32. Re2 Qb1+ 33.
Kd2 Qd1+ 34. Kc3 Qd3+ 35. Kb4 Qb3+ 36. Kc5 Rc8+ 37. Kd6 Qa3+ 38. Kxd5 Qd3# 0-1

[Event "4NCL Division 2a"]
[Site "Birmingham, ENG ENG"]
[Date "2016.01.23"]
[Round "3.247"]
[White "Smart, Michael R"]
[Black "Duncan, Patrick C M"]
[Result "1-0"]
[WhiteElo "2027"]
[BlackElo "2035"]
[PlyCount "59"]
[EventDate "2016.01.23"]
[WhiteTeam "Guildford 3"]
[BlackTeam "Brown Jack Witney"]

1. e4 c6 2. d4 d5 3. exd5 cxd5 4. c4 Nf6 5. Nc3 e6 6. a3 Be7 7. Nf3 O-O 8. Bd3
dxc4 9. Bxc4 Nc6 10. O-O Nd5 11. Re1 Nxc3 12. bxc3 Bf6 13. Bf4 g6 14. Bh6 Re8
15. Rc1 Bd7 16. Qd2 Qc7 17. Ba2 Rac8 18. Ng5 Qa5 19. Ne4 Be7 20. d5 exd5 21.
Bxd5 Bf5 22. Qa2 Be6 23. Bxe6 fxe6 24. Qxe6+ Kh8 25. Nd6 Nd4 26. cxd4 Rxc1 27.
Rxc1 Qb6 28. Qe5+ Bf6 29. Qxf6+ Kg8 30. Qg7# 1-0

[Event "4NCL Division 2a"]
[Site "Birmingham, ENG ENG"]
[Date "2016.01.23"]
[Round "3.248"]
[White "Tomboline, David"]
[Black "Stimpson, Philip M"]
[Result "1/2-1/2"]
[WhiteElo "1932"]
[BlackElo "1997"]
[PlyCount "74"]
[EventDate "2016.01.23"]
[WhiteTeam "Brown Jack Witney"]
[BlackTeam "Guildford 3"]

1. d4 d5 2. Bf4 c5 3. e3 Nc6 4. c3 Nf6 5. Nd2 Bg4 6. Qb3 Qb6 7. dxc5 Qxb3 8.
axb3 e5 9. Bg3 Bxc5 10. Ngf3 Nd7 11. b4 Bd6 12. b5 Ne7 13. h3 Bh5 14. Be2 O-O
15. O-O Nf5 16. Bh2 e4 17. g4 exf3 18. Nxf3 Bxh2+ 19. Kxh2 Nxe3 20. fxe3 Bg6
21. Rfd1 Nb6 22. Kg3 Rfe8 23. Kf2 Re7 24. Bd3 Rae8 25. Bxg6 hxg6 26. Rxa7 Nc4
27. Rxd5 Nxe3 28. Rd3 f5 29. gxf5 gxf5 30. b3 f4 31. Ra4 Rf8 32. Rdd4 Rf5 33.
Rxf4 Rxb5 34. Nd4 Rbe5 35. Ra8+ Kh7 36. c4 Nd1+ 37. Kg3 g5 1/2-1/2